Normal view
MARC view
- Schedule, Mes
Entry Personal Name
001 - CONTROL NUMBER
- control field: 129890
003 - CONTROL NUMBER IDENTIFIER
- control field: NUST
005 - DATE AND TIME OF LATEST TRANSACTION
- control field: 20250717103400.0
008 - FIXED-LENGTH DATA ELEMENTS
- fixed length control field: 250717|| aca||aabn | a|a d
040 ## - CATALOGING SOURCE
- Original cataloging agency: NUST
- Transcribing agency: NUST
100 ## - HEADING--PERSONAL NAME
- Personal name: Schedule, Mes
670 ## - SOURCE DATA FOUND
- Source citation: Work cat.: (NUST): Schedule, Mes., Millitary Engineer Services Pakistan /, 2021.
